书目信息 |
| 题名: |
汽车电路分析
|
|
| 作者: | 廖苓平 , 董宏国 主编 | |
| 分册: | ||
| 出版信息: | 北京 北京理工大学出版社 2005 |
|
| 页数: | 221页 | |
| 开本: | 26cm | |
| 丛书名: | 高等职业教育汽车运用与维修专业教材 | |
| 单 册: | ||
| 中图分类: | U463.6 | |
| 科图分类: | ||
| 主题词: | 汽车--Qi Che--电路分析--技术学校--教材 | |
| 电子资源: | ||
| ISBN: | 7-5640-0454-1 | |
| 000 | 00945nam 2200277 450 | |
| 001 | CAL 012005087802 | |
| 005 | 20061121153521.45 | |
| 010 | @a7-5640-0454-1@dCNY 22.00 | |
| 099 | @aCAL 012005087802 | |
| 100 | @a20050826d2005 em y0chiy0121 ea | |
| 101 | 0 | @achi |
| 102 | @aCN@b110000 | |
| 105 | @aak a 000yy | |
| 200 | 1 | @a汽车电路分析@AQi Che Dian Lu Fen Xi@f董宏国,廖苓平主编@Fdong hong guo,liao ling ping zhu bian |
| 210 | @a北京@c北京理工大学出版社@d2005 | |
| 215 | @a221页@c图@d26cm | |
| 225 | 2 | @a高等职业教育汽车运用与维修专业教材@AGao Deng Zhi Ye Jiao Yu Qi Che Yun Yong Yu Wei Xiu Zhuan Ye Jiao Cai |
| 320 | @a有书目 (第221页) | |
| 410 | 0 | @12001 @a高等职业教育汽车运用与维修专业教材 |
| 606 | 0 | @a汽车@AQi Che@x电路分析@x技术学校@j教材 |
| 690 | @aU463.6@v4 | |
| 701 | 0 | @a廖苓平@ALiao Ling Ping@4主编 |
| 701 | 0 | @a董宏国@ADong Hong Guo@4主编 |
| 801 | @aCN@c20061121 | |
| 905 | @a10447@dU463.6@eD701 | |
| 998 | @aNMU | |
| 汽车电路分析/董宏国,廖苓平主编.-北京:北京理工大学出版社,2005 |
| 221页:图;26cm.-(高等职业教育汽车运用与维修专业教材) |
| ISBN 7-5640-0454-1:CNY 22.00 |
| ● |
| 相关链接 |
|
|
|
正题名:汽车电路分析
索取号:U463.6/D701
 
预约/预借
| 序号 | 登录号 | 条形码 | 馆藏地/架位号 | 状态 | 备注 |
| 1 | 612473 | 206124736 | 自科库501/ [索取号:U463.6/D701] | 在馆 | |
| 2 | 612474 | 206124745 | 自科库501/501自科库 56排2列3层/ [索取号:U463.6/D701] | 在馆 | |
| 3 | 612475 | 206124754 | 自科库501/501自科库 56排2列3层/ [索取号:U463.6/D701] | 在馆 |